00493nam a22001817a 450000500170000000800410001702000180005804000210007604100080009708200170010510000270012224500310014925000120018026000330019230000100022565000330023570000430026820250920093244.0211115b ||||| |||| 00| 0 eng d a9789382056591 aIN-DiNCcIN-DiNC dasm a891.432bSAH aSahni, Bhishmaeauthor aHanuchh/cby Bhishma Sahni a2nd ed. aDibrugarh:bBanalata,c2022. a118p. aHindi drama by Bhishma Sahni aBezborah, Nirajana MahantaeTranslator